| 000 | 00436nam a2200181Ia 4500 | ||
|---|---|---|---|
| 005 | 20250630105548.0 | ||
| 008 | 008 250516s9999 xx 000 0 eng d | ||
| 020 | _a9781838855581 | ||
| 040 |
_beng _cSDCL |
||
| 041 |
_aeng _2eng |
||
| 084 | _aO-,3N75 R4 | ||
| 100 | _aHaig, Matt | ||
| 245 | 0 | _aLife Impossible | |
| 260 |
_aEdinburgh: _bHarper Collins, _c2024. |
||
| 300 | _a324p. | ||
| 650 | _aFiction | ||
| 942 |
_cTEXL _2CC |
||
| 999 |
_c1429424 _d1429424 |
||